000 01138cam a22003257a 4500
003 CHAP
005 20220329135654.0
008 971013s1983 r 00010 d
010 _a40301
011 _a41273
035 _a45399
040 _cCHAP
090 _aTesis
100 0 0 _aMoreno Blanco, Gerardo.
_978572
245 0 _aEstudio de variación morfológica de Pinus pseudostrobus Lindl. en 4 localidades de la región central de México
260 _aUruapan, Mich. :
_bEl autor,
_c1983
300 _a69 h.
_b; gráfs. ; mapas
502 _aTesis (Ing. Agrónomo Esp. en Fitomejoramiento) -- Univ. Michoacana de San Nicolás de Hidalgo
590 _aALEPH
_b10
_c20130110
_lUCH01
_h1309
590 _aBATCH-UPD
_b10
_c20130110
_lUCH01
_h0855
590 _aBATCH-UPD
_b10
_c20130410
_lUCH01
_h0526
590 _aBATCH-UPD
_b10
_c20130914
_lUCH01
_h1838
590 _aCONVERSION
_b10
_c20130109
_lUCH01
_h1322
650 1 4 _aÁrboles
_xFisiologia y morfologia.
_96599
650 1 4 _aPináceas
_zMéxico.
_988275
650 1 4 _aPinus pseudostrobus.
_988361
901 _aBK
942 _cTESIS
949 _bBC
_cTES
_d-103680
_eTS1
_i45399
_si
999 _c40301
_d40301